Theory and appliation of crop threshing technologies / (Record no. 144476)

MARC details
000 -LEADER
fixed length control field 00606nam a22001937a 4500
010 ## - LCCN (DPL NO)
LC control number ENG-120655
020 ## - INTERNATIONAL STANDARD BOOK NUMBER
Terms of availability 650.00
International Standard Book Number 9788171641611
035 ## - SYSTEM CONTROL NUMBER
System control number EN-104187
037 ## - SOURCE OF ACQUISITION
Source of stock number/acquisition DBAD/PUB
082 ## - DEWEY DECIMAL CLASSIFICATION NUMBER
Classification number 631.37
100 ## - MAIN ENTRY--PERSONAL NAME
Personal name Devnani, R.S.
245 ## - TITLE STATEMENT
Title Theory and appliation of crop threshing technologies /
Statement of responsibility, etc by R.S. Devnani [and] T.P. Ojha
260 ## - PUBLICATION, DISTRIBUTION, ETC. (IMPRINT)
Place of publication, distribution, etc New Delhi
Name of publisher, distributor, etc Indian Council of Research
Date of publication, distribution, etc 2016
270 ## - ADDRESS
Address Krishi Anusandhan Bhavan I, Pusa,
City Delhi
Postal code 110012
300 ## - PHYSICAL DESCRIPTION
Extent 284p.
Other physical details 25cm(pbk).
500 ## - GENERAL NOTE
General note Includes index
700 ## - ADDED ENTRY--PERSONAL NAME
Personal name Ojha T.P.
942 ## - ADDED ENTRY ELEMENTS (KOHA)
Source of classification or shelving scheme Dewey Decimal Classification
Item type English Books
Classification part 631.37
Call number suffix DEV
Holdings
Withdrawn status Lost status Not for loan Collection code Home library Current library Date acquired Source of acquisition Cost, normal purchase price Full call number Barcode Copy number Cost, replacement price Koha item type
      Non-fiction Patel Nagar Patel Nagar 13/09/2017 DBAD/PUB 650.00 631.37 DEV EN-104187 1 650.00 English Books

© Delhi Public Library
Hit Counter
free hit counter